Nicaragua: II Congreso de la UNAG por un programa de unidad campesina

Uloženo v:
Podrobná bibliografie
Médium: Text
Jazyk:Spanish
Tagy: Přidat tag
Žádné tagy, Buďte první, kdo vytvoří štítek k tomuto záznamu!

MARC

LEADER 00000 a a2200000 04500
001 17600
003 cru CIDCACS/IIS
005 20200114142754.0
008 200114b ||||| |||| 00| 0 spa d
999 |c 42827  |d 42827 
040 |c cru CIDCACS/IIS 
245 0 |a Nicaragua:   |b II Congreso de la UNAG por un programa de unidad campesina  
300 |a páginas 8-11 
773 |g volumen 16, número 151; páginas 5-6  
773 0 |0 42391  |9 4264  |a Agencia Latinoamericana de Información, ALAI  |d Quito, Ecuador: ALAI  |o 07132  |t ALAI:  |x 08275564 (Servicio mensual de información y documentación) 
942 |2 ddc  |c PP